000 00598nam a2200181Ia 4500
003 GCL
008 140319s9999 xx 000 0 ara d
040 _aGCL /
_cGCL
082 0 4 _a956.9
_bن ا
100 1 _aالهيئة العامة للاستعلامات
245 1 0 _aاسرائيل /
_cالهيئة العامة للاستعلامات
700 1 _aنوسبوم, اليزابيث
260 _a[S.N] :
_bالهيئة العامة للاستعلامات
490 _aكتب مترجمة
_v0
650 0 4 _aاسرائيل
650 0 4 _aالاحوال الاقتصادية
942 _2ddc
_cBK
999 _c48451
_d48451